| 000 | 00904nam a2200277Ia 4500 | ||
|---|---|---|---|
| 001 | dia_4981 | ||
| 003 | CHAP | ||
| 005 | 20251023153011.0 | ||
| 008 | 220117s2012 xx 000 0 und d | ||
| 010 | _a175793 | ||
| 020 | _a978-968-18-1178-5 | ||
| 040 | _cCHAP | ||
| 082 | _a517.1 G73 2012 | ||
| 100 |
_aGranville, William Anthony _950436 |
||
| 245 |
_aCálculo diferencial e integral / _c William Anthony Granville ; traducción Steven T. Byngton |
||
| 260 |
_aMéxico : _b Limusa, _c2012 |
||
| 300 | _axiv, 686 p. | ||
| 500 | _aTítulo original: Elements of differential and integral calculus \ Ejemplar de reposición por pérdida de uno similar | ||
| 503 | _aC/e | ||
| 650 |
_aCálculo _923990 |
||
| 700 |
_aByngton, Steven T., tr. _9150222 |
||
| 901 | _a517.1 G73 2012 | ||
| 902 | _aA | ||
| 905 | _a5232272012 mx amn 8222223322spa16 | ||
| 942 |
_cLIBRO _2ddc |
||
| 999 |
_c175793 _d175793 |
||